Recent Advances in Design and Decision Support Systems in Architecture and Urban Planning /

La Conferencia Internacional sobre Sistemas de Diseño y de Apoyo a Decisiones en Arquitectura y Planeación Urbana es en un encuentro bianual, organizado por la Universidad de Tecnología de Eindhoven y enfocado en el desarrollo y aplicación de herramientas computacionales para el apoyo de la planific...

Descripció completa

Guardat en:
Dades bibliogràfiques
Autor corporatiu: International Conference on Design and Decision Support Systems in Architecture and Urban Planning ( Sint-Michielsgestel, Holanda)
Altres autors: Leeuwen, Jos P. van (edición) (edición), Timmermans, Harry J.P. (edición) (edición)
Format: Actes de congresos Llibre
Idioma:anglès
Publicat: Dordrecht, Holanda : Kluwer, 2004, c2004
Matèries:
Etiquetes: Afegir etiqueta
Sense etiquetes, Sigues el primer a etiquetar aquest registre!

MARC

LEADER 00000nam^a2200000^a^4500
001 000184783
005 20250521000000.0
009 20260310102126.92
020 |a 1-4020-2408-8 
037 |a Acervo ITESO - Biblioteca 
041 |a ING 
082 |a 720. 285  |b INT 2004 
111 |a International Conference on Design and Decision Support Systems in Architecture and Urban Planning (  |n 7ª :  |d 2004 :  |c Sint-Michielsgestel, Holanda) 
245 1 0 |a Recent Advances in Design and Decision Support Systems in Architecture and Urban Planning /  |c International Conference on Design and Decision Support Systems in Architecture and Urban Planning ; ed. y pref. de J.P. van Leeuwen, H.J.P. Timmermans. 
264 4 |a Dordrecht, Holanda :  |b Kluwer,  |c 2004, c2004 
300 |a XV, 358 p. 
336 |a texto  |b txt  |2 rdacontenido 
337 |a sin mediación  |b n  |2 rdamedio 
338 |a volumen  |b nc  |2 rdasoporte 
520 |a La Conferencia Internacional sobre Sistemas de Diseño y de Apoyo a Decisiones en Arquitectura y Planeación Urbana es en un encuentro bianual, organizado por la Universidad de Tecnología de Eindhoven y enfocado en el desarrollo y aplicación de herramientas computacionales para el apoyo de la planificación urbana y el diseño arquitectónico. El presente volumen reúne una selección de 22 de los trabajos presentados en la séptima Conferencia, celebrada en Holanda en julio de 2004, mismos que han sido distribuidos en cinco secciones: 1. Aplicaciones de la inteligencia artificial. 2. Visualización para el diseño y el apoyo a decisiones. 3. Simulación y agentes tecnológicos. 4. Investigación para el diseño y sistemas de apoyo al diseño y 5. Sistemas de información geográfica. 
649 |a XX 
650 |a Diseño Asistido por Computadora -  |x Congresos 
650 |a Planeación Urbana -  |x Congresos 
650 |a Urbanismo -  |x Congresos 
650 |a Diseño Arquitectónico -  |x Congresos 
650 |a Arquitectura -  |x Congresos 
650 |a Diseño Asistido por Computadora 
650 |a Inteligencia Artificial 
650 |a Métodos de Simulación 
650 |a Toma de Decisiones 
650 |a Información Geográfica 
650 |a Sistemas de Información 
650 |a Informática 
650 |a Ingeniería Computacional 
650 |a Planeación Urbana 
650 |a Urbanismo 
650 |a Diseño Arquitectónico 
650 |a Arquitectura 
700 |a Leeuwen, Jos P. van  |e (edición) 
700 |a Timmermans, Harry J.P.  |e (edición) 
910 |a Fondo General 
920 |a Impresos - Libros 
930 |a Colección General 
905 |a 101 
901 |a 0500125705  |b IT1  |c ACC  |u 20250521 
902 |a https://opac.biblio.iteso.mx/vufind/Record/000184783